[Event "KIA on May Day 2013"]
[Site "SchemingMind.com"]
[Date "2013.05.19"]
[Round "-"]
[White "Hexsaw"]
[Black "Olli Ylönen"]
[Result "0-1"]
[WhiteCountry "ENG"]
[BlackCountry "FIN"]
[WhiteElo "1450"]
[WhiteRD "101"]
[BlackElo "1862"]
[BlackRD "57"]
[GameID "331982"]

1. Nf3 d5 2. g3 Nf6 3. d4 c6 4. Nc3 Bf5 5. Bf4 e6 6. Ne5 Nbd7 7. e3 Be7 8. Bg2 O-O 9. O-O Nxe5 10. Bxe5 Bd6
11. Re1 Bxe5 12. dxe5 Nd7 13. f4 f6 14. a3 fxe5 15. fxe5 Nxe5 16. Qd4 Qf6 17. Re2 Ng4 18. Qc5 h5 19. Rf1 h4 20. e4 dxe4
21. Rxe4 Qh6 22. Qe7 hxg3 23. h3 Rae8 24. Qd7 Bxe4 25. Nxe4 Rxf1+ 26. Kxf1 Rf8+ 27. Ke1 Qe3+
0-1

[Event "KIA on May Day 2013"]
[Site "SchemingMind.com"]
[Date "2013.05.17"]
[Round "-"]
[White "Olli Ylönen"]
[Black "Hexsaw"]
[Result "1-0"]
[WhiteCountry "FIN"]
[BlackCountry "ENG"]
[WhiteElo "1862"]
[WhiteRD "57"]
[BlackElo "1450"]
[BlackRD "101"]
[GameID "331985"]

1. Nf3 d5 2. g3 Nf6 3. Bg2 Nc6 4. d4 Bg4 5. Ne5 e6 6. Nxg4 Nxg4 7. e4 Nf6 8. exd5 exd5 9. O-O Be7 10. Nc3 O-O
11. Re1 Ne4 12. Nxd5 Qxd5 13. Bxe4 Qd6 14. Bxc6 Qxc6 15. Rxe7 Rad8 16. Bf4 Rd7 17. Rxd7 Qxd7 18. d5 Qf5 19. Bxc7 Re8 20. d6 Qc5
21. d7
1-0

[Event "KIA on May Day 2013"]
[Site "SchemingMind.com"]
[Date "2013.06.02"]
[Round "-"]
[White "emvarela"]
[Black "Aba"]
[Result "0-1"]
[WhiteCountry "ARG"]
[BlackCountry "ISR"]
[WhiteElo "1741"]
[WhiteRD "47"]
[BlackElo "1854"]
[BlackRD "98"]
[GameID "332493"]

1. Nf3 d5 2. g3 Nf6 3. Bg2 Nc6 4. d4 Bf5 5. O-O h6 6. a3 g5 7. c3 e6 8. Qb3 b6 9. Nbd2 Bd6 10. c4 g4
11. cxd5 gxf3 12. dxe6 fxg2 13. exf7+ Ke7 14. Kxg2 Be6 15. Qe3 Kxf7 16. f3 Qe7 17. Ne4 Raf8 18. Nxf6 Qxf6 19. Rd1 Bd5 20. Qc3 Nxd4
21. Rxd4 Be5 22. Rf4 Bxc3 23. bxc3 Qxf4 24. Bxf4 c5 25. e4 Bc4 26. Be5 Rhg8 27. Rd1 Rd8
0-1

[Event "KIA on May Day 2013"]
[Site "SchemingMind.com"]
[Date "2013.06.02"]
[Round "-"]
[White "Aba"]
[Black "emvarela"]
[Result "1-0"]
[WhiteCountry "ISR"]
[BlackCountry "ARG"]
[WhiteElo "1854"]
[WhiteRD "98"]
[BlackElo "1741"]
[BlackRD "47"]
[GameID "332498"]

1. Nf3 d5 2. g3 c5 3. Bg2 Nc6 4. d4 e6 5. c3 Nf6 6. O-O Be7 7. a3 cxd4 8. cxd4 O-O 9. Nc3 a6 10. Bf4 Bd6
11. Ne5 Nd7 12. Nxc6 Qc7 13. Bxd6 Qxd6 14. Nb4 Nb6 15. b3 Bd7 16. e4 dxe4 17. Bxe4 Rac8 18. Rc1 Bc6 19. Nxc6 bxc6 20. a4 c5
21. d5 exd5 22. Nxd5 Nxd5 23. Qxd5 Qxd5 24. Bxd5 Rfd8 25. Bc4 a5 26. Rfe1 Rc7 27. Re5 g6 28. Bb5
1-0

[Event "KIA on May Day 2013"]
[Site "SchemingMind.com"]
[Date "2013.06.11"]
[Round "-"]
[White "Kenny Elliott"]
[Black "kenneth m day"]
[Result "0-1"]
[WhiteCountry "USA"]
[BlackCountry "USA"]
[WhiteElo "1389"]
[WhiteRD "103"]
[BlackElo "1771"]
[BlackRD "54"]
[GameID "332850"]

1. Nf3 d5 2. g3 Nf6 3. Bg2 c6 4. d4 Bf5 5. O-O h6 6. Bf4 e6 7. Ne5 Nbd7 8. c4 Nxe5 9. Bxe5 Bd6 10. Bxf6 Qxf6
11. c5 Bc7 12. e3 O-O 13. Nc3 Rfe8 14. b4 e5 15. Ne2 exd4 16. Nxd4 Be4 17. f3 Bg6 18. Qb3 Re7 19. a4 Rae8 20. Rfe1 Be5
21. Nxc6 bxc6 22. Rab1 Bxb1 23. Rxb1 Bc3 24. b5 Rxe3 25. bxc6 Bd4 26. Qb7 Rb3+ 27. Kf1 Rxb7
0-1

[Event "KIA on May Day 2013"]
[Site "SchemingMind.com"]
[Date "2013.06.12"]
[Round "-"]
[White "kenneth m day"]
[Black "Kenny Elliott"]
[Result "1-0"]
[WhiteCountry "USA"]
[BlackCountry "USA"]
[WhiteElo "1758"]
[WhiteRD "53"]
[BlackElo "1360"]
[BlackRD "103"]
[GameID "332855"]

1. Nf3 d5 2. g3 Nf6 3. Bg2 Bf5 4. d3 e6 5. O-O Bc5 6. Re1 O-O 7. Nbd2 Nc6 8. Nh4 e5 9. Nxf5 Ne7 10. Ne3 Bxe3
11. fxe3 c5 12. Rf1 Qb6 13. Kh1 Ng4 14. Nf3 Ng6 15. h3 e4 16. hxg4 exf3 17. exf3 Rad8 18. e4 d4 19. f4 Ne7 20. b3 f5
21. e5 Nd5 22. Bb2 Ne3 23. Qe2 Nxf1 24. Rxf1 Qh6+ 25. Kg1 Qa6 26. a4 b5 27. Ra1 Rd7 28. e6 Re7 29. Bd5 Rf6 30. Ba3 b4
31. Bb2 Qd6 32. Bc4 a5 33. Qh2 Rh6 34. Qg2 fxg4 35. Qa8+
1-0

[Event "KIA on May Day 2013"]
[Site "SchemingMind.com"]
[Date "2013.06.11"]
[Round "-"]
[White "jnable"]
[Black "Andoni Zabala"]
[Result "0-1"]
[WhiteCountry "PHI"]
[BlackCountry "INT"]
[WhiteElo "1771"]
[WhiteRD "87"]
[BlackElo "1740"]
[BlackRD "100"]
[GameID "332961"]

1. Nf3 d5 2. g3 Nf6 3. Bg2 e6 4. d3 Be7 5. Nbd2 c5 6. O-O O-O 7. e4 Nc6 8. c3 b5 9. a4 b4 10. Re1 a5
11. Nf1 Ba6 12. e5 Nd7 13. d4 Qb6 14. Be3 cxd4 15. Bxd4 Nxd4 16. cxd4 Rac8 17. Ne3 Rc7 18. Bf1 Rfc8 19. Qd2 b3 20. Bxa6 Qxa6
21. Rec1 Nb6 22. Rxc7 Rxc7 23. Kg2 f6 24. Ne1 fxe5 25. dxe5 Nc4 26. Nxc4 dxc4 27. Rc1 Qc6+ 28. f3 h6 29. Rc3 Kf7 30. Qd4 g5
31. Kf1 Qxa4 32. f4 Qc6 33. Nf3 a4 34. Nd2 a3 35. bxa3 Qh1+ 36. Qg1 Qd5 37. Qf2 Bc5 38. Qg2 Bxa3 39. Qxd5 exd5 40. Nxb3 Rb7
41. Nd2 Bb4 42. Rc2 gxf4 43. gxf4 Bxd2 44. Rxd2 Ke6 45. Kf2 c3 46. Rd1 Rb2+ 47. Ke3 Rxh2 48. Kd4 Rd2+
0-1

[Event "KIA on May Day 2013"]
[Site "SchemingMind.com"]
[Date "2013.06.09"]
[Round "-"]
[White "Andoni Zabala"]
[Black "jnable"]
[Result "1-0"]
[WhiteCountry "INT"]
[BlackCountry "PHI"]
[WhiteElo "1708"]
[WhiteRD "98"]
[BlackElo "1810"]
[BlackRD "90"]
[GameID "332964"]

1. Nf3 d5 2. g3 Nf6 3. Bg2 g6 4. d3 Bg7 5. O-O c5 6. Nbd2 Nc6 7. e4 e6 8. Re1 O-O 9. c3 b6 10. e5 Nd7
11. d4 Bb7 12. Nf1 Rc8 13. Be3 c4 14. h4 b5 15. N1h2 a5 16. Qd2 Re8 17. Ng4 h5 18. Bg5 Qb6 19. Nf6+ Nxf6 20. Bxf6 Ne7
21. Nh2 b4 22. g4 hxg4 23. Bxe7 Rxe7 24. Nxg4 Kf8 25. Nf6 Rec7 26. h5 Bxf6 27. exf6 gxh5 28. Qg5 Ke8 29. Qg8+ Kd7 30. Qxf7+ Kd8
31. Qf8+ Kd7 32. Qe7+
1-0

[Event "KIA on May Day 2013"]
[Site "SchemingMind.com"]
[Date "2013.06.11"]
[Round "-"]
[White "reo"]
[Black "Phillip Beckett"]
[Result "1-0"]
[WhiteCountry "THA"]
[BlackCountry "ENG"]
[WhiteElo "1836"]
[WhiteRD "105"]
[BlackElo "1588"]
[BlackRD "47"]
[GameID "333068"]

1. Nf3 d5 2. g3 e6 3. Bg2 Bd6 4. O-O f5 5. e3 Nf6 6. b3 O-O 7. Bb2 Nbd7 8. Na3 Ne4 9. d3 Nef6 10. Nb5 Be7
11. Nbd4 Nb6 12. Bh3 c5 13. Ne2 h6 14. Ne5 Nbd7 15. Ng6 Rf7 16. Nef4 Nf8 17. Rc1 Nxg6 18. Nxg6 Nd7 19. c4 Nf8 20. Nxe7+ Qxe7
21. cxd5 exd5 22. Ba3 b6 23. Bg2 Be6 24. d4 Qf6 25. dxc5 bxc5 26. Rxc5 Rb8 27. Bxd5 Bxd5 28. Rxd5 Ne6 29. Qe2 Nc7 30. Rd6 Qe5
31. Rg6 Nd5 32. Bd6 Nc3 33. Qc4 Qd5 34. Qxc3 Rd8 35. Bf4 Qd2 36. Qxd2 Rxd2 37. Ra6
1-0

[Event "KIA on May Day 2013"]
[Site "SchemingMind.com"]
[Date "2013.06.16"]
[Round "-"]
[White "eun77"]
[Black "Iucounu"]
[Result "0-1"]
[WhiteCountry "ISR"]
[BlackCountry "ENG"]
[WhiteElo "1298"]
[WhiteRD "64"]
[BlackElo "1525"]
[BlackRD "62"]
[GameID "333069"]

1. Nf3 d5 2. g3 Nf6 3. d4 e6 4. Bg2 c5 5. dxc5 Bxc5 6. O-O Nc6 7. b3 h6 8. Ba3 Bxa3 9. Nxa3 Qe7 10. Nb1 O-O
11. a3 b5 12. Nd4 Bb7 13. Nxc6 Bxc6 14. Nd2 Rfd8 15. c3 a5 16. Nf3 Ra7 17. Ne5 Qd6 18. Nxc6 Qxc6 19. Qd2 Rda8 20. e3 Rd7
21. Rac1 Rad8 22. Rfe1 Ne4 23. Bxe4 dxe4 24. Qe2 Rd3 25. Rcd1 Rxd1 26. Rxd1 Rxd1+ 27. Qxd1 Qxc3 28. Kg2 g6
0-1

[Event "KIA on May Day 2013"]
[Site "SchemingMind.com"]
[Date "2013.06.11"]
[Round "-"]
[White "Phillip Beckett"]
[Black "reo"]
[Result "0-1"]
[WhiteCountry "ENG"]
[BlackCountry "THA"]
[WhiteElo "1588"]
[WhiteRD "47"]
[BlackElo "1836"]
[BlackRD "105"]
[GameID "333075"]

1. Nf3 d5 2. g3 c6 3. Bg2 Bf5 4. d3 e6 5. O-O h6 6. Nbd2 Nf6 7. Re1 Bc5 8. e4 dxe4 9. dxe4 Bh7 10. e5 Nd5
11. Nb3 Bb6 12. c4 Nb4 13. a3 Nc2 14. Qxd8+ Bxd8 15. Ra2 Nxe1 16. Nxe1 Nd7 17. Be3 Nxe5 18. Nd4 O-O 19. b3 Bb6 20. Nef3 Ng4
21. h3 Nxe3 22. fxe3 Rfe8 23. Rf2 e5 24. Nxe5 Rxe5 25. Re2 Bxd4
0-1

[Event "KIA on May Day 2013"]
[Site "SchemingMind.com"]
[Date "2013.06.16"]
[Round "-"]
[White "Iucounu"]
[Black "eun77"]
[Result "1-0"]
[WhiteCountry "ENG"]
[BlackCountry "ISR"]
[WhiteElo "1525"]
[WhiteRD "62"]
[BlackElo "1298"]
[BlackRD "64"]
[GameID "333076"]

1. Nf3 d5 2. g3 e6 3. c4 Nf6 4. Bg2 Be7 5. O-O O-O 6. d4 h6 7. Qc2 c6 8. c5 Nh7 9. b3 Bg5 10. Nxg5 Nxg5
11. Bxg5 Qxg5 12. Qd2 Qxd2 13. Nxd2 b6 14. b4 b5 15. h4 Nd7 16. Bh3 f5 17. Kh2 Nf6 18. f3 a5 19. a3 a4 20. Rfe1 Bd7
21. e3 Rf7 22. f4 Ne4 23. Nxe4 dxe4 24. Rad1 Rd8 25. Kg1 Rf6 26. Kf2 Rg6 27. Rh1 Bc8 28. Rh2
1-0

[Event "KIA on May Day 2013"]
[Site "SchemingMind.com"]
[Date "2013.06.14"]
[Round "-"]
[White "ray winteringham"]
[Black "Ulrich Klapp"]
[Result "1-0"]
[WhiteCountry "ENG"]
[BlackCountry "GER"]
[WhiteElo "1575"]
[WhiteRD "50"]
[BlackElo "1579"]
[BlackRD "87"]
[GameID "333192"]

1. Nf3 d5 2. g3 c5 3. Bg2 g6 4. O-O Bg7 5. e3 Nd7 6. d4 Qc7 7. b3 b6 8. Bb2 Bb7 9. c3 Ngf6 10. Na3 Ne4
11. Nb5 Qc6 12. a4 a6 13. Na3 Qe6 14. Nc2 O-O 15. Nd2 a5 16. Nxe4 dxe4 17. Na3 Rfd8 18. Nb5 Rac8 19. Qc2 Nf6 20. c4 Bh6
21. d5 Qf5 22. Rad1 Nxd5 23. cxd5 Bxd5 24. Qc3 e5 25. Qxe5 Qxe5 26. Bxe5 Bxb3 27. Na7 Bxd1 28. Nxc8 Bxa4 29. Ne7+ Kf8 30. Bf6 Ke8
31. Bxe4 Rd6 32. Ng8 Kd7 33. Be5 Re6 34. Nf6+ Kd8 35. f4 Bb5 36. Rd1+ Ke7 37. Nxh7 Be2 38. Rd7+ Kxd7 39. Nf6+ Kc8 40. Nd5 a4
41. Bb1 b5 42. Ba2 c4 43. Nc3 Bg4 44. Nxb5 Kb7 45. Bxc4 Bf8 46. Bxe6 fxe6 47. Kf1 Bf5 48. Bd6 Bxd6 49. Nxd6+ Kc6 50. Nc4 Kb5
51. Nd2 a3 52. Nb3 Bc2 53. Nd4+
1-0

[Event "KIA on May Day 2013"]
[Site "SchemingMind.com"]
[Date "2013.06.14"]
[Round "-"]
[White "Ulrich Klapp"]
[Black "ray winteringham"]
[Result "1-0"]
[WhiteCountry "GER"]
[BlackCountry "ENG"]
[WhiteElo "1579"]
[WhiteRD "87"]
[BlackElo "1575"]
[BlackRD "50"]
[GameID "333200"]

1. Nf3 d5 2. g3 Nc6 3. Bg2 Nf6 4. O-O Bf5 5. d4 e6 6. Be3 Nb4 7. c4 Nc2 8. Nc3 Nxa1 9. Qxa1 c6 10. cxd5 exd5
11. Ne5 Bd6 12. Bf4 O-O 13. Qd1 b6 14. Nxc6 Qc7 15. Nb4 Qe7 16. Bxd6 Qxd6 17. Ncxd5 a5 18. Ne3 Be4 19. f3 Bb7 20. Nbc2 Qc6
21. f4 Qc7 22. Bh3 Qc6 23. Kf2 Ne4+ 24. Ke1 Qb5 25. Bf5 Qxb2 26. Bxe4 Bxe4 27. Qa1 Qb5 28. Kf2 Qh5 29. h4 Rac8 30. Rc1 Rfe8
31. Qb2 Rc6 32. Na3 Rce6 33. Qb5 Qxb5 34. Nxb5 R6e7 35. a4 Bd3 36. exd3 Rxe3 37. Nd6 R8e7 38. Nf5 Re2+ 39. Kf3 Re8 40. Rc6 g6
41. Nh6+ Kg7 42. Ng4 Rb2 43. Ne3 Rb4 44. Nc4 Rd8 45. Ke3 Rxa4 46. Rxb6 Rb4 47. Ra6 a4 48. Ke4 Re8+ 49. Kd5 Rc8 50. Nd6 Rcb8
51. g4 f6 52. Ra7+ Kg8 53. f5 Rd8 54. Kc5 Rdb8 55. Ne4 gxf5 56. Nxf6+ Kf8 57. Nd7+ Kg8 58. Nxb8 Rxb8 59. gxf5 Rf8 60. d5 Rxf5
61. Rxa4 Kf8 62. Ra8+ Kg7 63. Kc6 Rf6+ 64. d6 Kf7 65. Kc7
1-0

[Event "KIA on May Day 2013"]
[Site "SchemingMind.com"]
[Date "2013.06.27"]
[Round "-"]
[White "Clive Everill"]
[Black "Shanks"]
[Result "1-0"]
[WhiteCountry "CZE"]
[BlackCountry "ENG"]
[WhiteElo "1764"]
[WhiteRD "54"]
[BlackElo "1360"]
[BlackRD "71"]
[GameID "333585"]

1. Nf3 d5 2. g3 c6 3. Bg2 Nd7 4. O-O e5 5. d3 h6 6. b3 Ngf6 7. Bb2 Bd6 8. Nbd2 O-O 9. e4 d4 10. Nc4 Bc7
11. Bc1 c5 12. Bd2 b6 13. c3 b5 14. Nb2 dxc3 15. Bxc3 b4 16. Be1 Qe7 17. Rc1 a5 18. Nc4 Ba6 19. Nb2 Nb6 20. Nd2 Bd6
21. Ndc4 Nxc4 22. Nxc4 Bc7 23. Bd2 Rad8 24. Be3 Bc8 25. Nb2 Ng4 26. Bxc5 Bd6 27. Bb6 Nf6 28. Bxd8 Qxd8 29. Nc4 Bc7 30. Qc2 Ne8
31. Nxa5 Bxa5 32. Qxc8 Qxc8 33. Rxc8 Nd6 34. Rxf8+ Kxf8 35. Rc1 f6 36. Rc6 Ke7 37. Ra6 Bc7 38. a4 bxa3 39. Rxa3 Nb5 40. Ra6 Nc3
41. Bh3 Ne2+ 42. Kg2 Nd4 43. b4 Nc2 44. b5 Ne1+ 45. Kf1 Nxd3 46. b6 Bb8 47. Ra8 Bd6 48. b7 Nc5 49. b8=Q Bxb8 50. Rxb8 Kd6
51. f3 g5 52. Rh8 Ke7 53. Rxh6 Nd3 54. Ke2 Nc1+ 55. Ke3 Nb3 56. Rh7+ Kd6 57. Rf7 Nd4 58. Rxf6+ Ke7 59. Rg6 Nc2+ 60. Kf2 Nd4
61. Rxg5 Kf6 62. f4 exf4 63. gxf4 Ke7 64. Rd5 Nc6 65. Bg4 Nb4 66. Rd7+ Kf6 67. e5+ Kg6 68. f5+ Kg5 69. Rg7+ Kf4 70. f6 Kxe5
71. f7 Nd3+ 72. Ke3 Nf4 73. f8=Q Nd5+ 74. Kf3 Nf6 75. Rg5+ Kd4 76. Qxf6+ Kd3 77. Rd5+ Kc2 78. Qc6+
1-0

[Event "KIA on May Day 2013"]
[Site "SchemingMind.com"]
[Date "2013.06.27"]
[Round "-"]
[White "Shanks"]
[Black "Clive Everill"]
[Result "0-1"]
[WhiteCountry "ENG"]
[BlackCountry "CZE"]
[WhiteElo "1350"]
[WhiteRD "68"]
[BlackElo "1751"]
[BlackRD "54"]
[GameID "333591"]

1. Nf3 d5 2. g3 Nc6 3. d4 Bf5 4. Nbd2 e6 5. e3 Nb4 6. Bb5+ c6 7. Ba4 Qa5 8. Bb3 c5 9. c3 Nd3+ 10. Kf1 c4
11. Bc2 Nxc1 12. Qxc1 Bh3+ 13. Ke1 h6 14. Bd1 Nf6 15. Be2 Bd6 16. Ng1 Bg2 17. Bf3 Bxh1 18. Bxh1 O-O 19. e4 dxe4 20. Nxe4 Nxe4
21. Bxe4 Rab8 22. h4 f5 23. Bg2 Qc7 24. d5 e5 25. a4 f4 26. Bh3 fxg3 27. Be6+ Kh8 28. fxg3 Qc5 29. Ne2 Rf6 30. Qd2 Rbf8
31. Kd1 Rf1+ 32. Qe1 Rxe1+ 33. Kxe1 Qf2+ 34. Kd2 e4 35. a5 Bxg3 36. a6 e3+
0-1

[Event "KIA on May Day 2013"]
[Site "SchemingMind.com"]
[Date "2013.09.02"]
[Round "-"]
[White "ray winteringham"]
[Black "Aba"]
[Result "0-1"]
[WhiteCountry "ENG"]
[BlackCountry "ISR"]
[WhiteElo "1537"]
[WhiteRD "50"]
[BlackElo "1854"]
[BlackRD "98"]
[GameID "337627"]

1. Nf3 d5 2. g3 Nf6 3. Bg2 c6 4. d3 Bg4 5. O-O Nbd7 6. Be3 h6 7. h3 Bh5 8. Nbd2 e6 9. c4 b6 10. a3 Bd6
11. b4 g5 12. g4 Bg6 13. Rc1 c5 14. b5 d4 15. Nxg5 dxe3 16. fxe3 hxg5
0-1

[Event "KIA on May Day 2013"]
[Site "SchemingMind.com"]
[Date "2013.09.02"]
[Round "-"]
[White "Aba"]
[Black "ray winteringham"]
[Result "1-0"]
[WhiteCountry "ISR"]
[BlackCountry "ENG"]
[WhiteElo "1854"]
[WhiteRD "98"]
[BlackElo "1537"]
[BlackRD "50"]
[GameID "337631"]

1. Nf3 d5 2. g3 Nc6 3. d4 Bf5 4. Bg2 e6 5. a3 Bd6 6. Nc3 Nge7 7. O-O Qd7 8. Re1 O-O-O 9. Ng5 Bg6 10. e4 e5
11. exd5 Nb8 12. dxe5 Bc5 13. Be3 Bxe3 14. Rxe3 a6 15. Qf3 Qe8 16. d6 Nec6 17. Rd1 Nxe5 18. Qxb7+ Kd7 19. Qxc7#
1-0

[Event "KIA on May Day 2013"]
[Site "SchemingMind.com"]
[Date "2013.10.08"]
[Round "-"]
[White "reo"]
[Black "kenneth m day"]
[Result "1-0"]
[WhiteCountry "THA"]
[BlackCountry "USA"]
[WhiteElo "1894"]
[WhiteRD "107"]
[BlackElo "1785"]
[BlackRD "53"]
[GameID "339730"]

1. Nf3 d5 2. g3 Nf6 3. Bg2 c6 4. O-O Bf5 5. d3 Nbd7 6. Nh4 Bg4 7. b3 e5 8. Bb2 Bd6 9. Qd2 O-O 10. Nc3 Re8
11. f3 Be6 12. e3 b5 13. a3 Rb8 14. f4 exf4 15. gxf4 Ng4 16. Qe1 Nxe3 17. Qxe3 Qxh4 18. Qg3 Qxg3 19. hxg3 Bg4 20. Nd1 Re2
21. Rc1 Rbe8 22. Nf2 Nf6 23. Bxf6 Bd7 24. Bb2 Bc5 25. d4 Bb6 26. Nd3 Rd2 27. Rf2 Ree2 28. Rxe2 Rxe2 29. Bf3 Re3 30. Ne5 Be8
31. Kf2
1-0

[Event "KIA on May Day 2013"]
[Site "SchemingMind.com"]
[Date "2013.10.07"]
[Round "-"]
[White "kenneth m day"]
[Black "reo"]
[Result "0-1"]
[WhiteCountry "USA"]
[BlackCountry "THA"]
[WhiteElo "1764"]
[WhiteRD "48"]
[BlackElo "1942"]
[BlackRD "90"]
[GameID "339734"]

1. Nf3 d5 2. g3 Nf6 3. c4 e6 4. d4 Be7 5. Bg2 dxc4 6. Qa4+ c6 7. Qxc4 O-O 8. Nc3 b5 9. Qd3 Nbd7 10. O-O a5
11. e4 Ba6 12. b4 axb4 13. Ne2 Nb6 14. Re1 c5 15. Be3 c4 16. Qc2 Rc8 17. Ne5 Bb7 18. Rac1 Na4 19. Qb1 Qa5 20. f4 Qa8
21. d5 exd5 22. exd5 Nxd5 23. Bd4 Nac3 24. Nxc3 Nxc3 25. Qc2 Bxg2 26. Qxg2 Qxg2+ 27. Kxg2 Nxa2 28. Rc2 b3 29. Rb2 Ba3 30. Rbb1 Rfd8
31. Bb2 b4 32. Bxa3 bxa3 33. Nxc4 Rxc4 34. Rxb3 Ra4 35. Ra1 Rd2+ 36. Kh3 g6 37. Re1 Rb2 38. Rb1 Rxb1 39. Rxb1 Nc3 40. Ra1 a2
0-1

[Event "KIA on May Day 2013"]
[Site "SchemingMind.com"]
[Date "2013.10.13"]
[Round "-"]
[White "Iucounu"]
[Black "Clive Everill"]
[Result "0-1"]
[WhiteCountry "ENG"]
[BlackCountry "CZE"]
[WhiteElo "1464"]
[WhiteRD "57"]
[BlackElo "1735"]
[BlackRD "53"]
[GameID "339784"]

1. Nf3 d5 2. g3 c6 3. Bg2 Bg4 4. O-O e6 5. d3 Nf6 6. Nbd2 Nbd7 7. e4 Bc5 8. Qe1 O-O 9. e5 Ne8 10. d4 Be7
11. c3 c5 12. h3 Bh5 13. b3 Nc7 14. Bb2 b5 15. Rc1 c4 16. b4 a5 17. a3 axb4 18. axb4 Ra2 19. Ba1 Qa8 20. g4 Bg6
21. Kh2 Bd3 22. Rg1 Nb6 23. Qd1 Na4 24. Ne1 Bg6 25. Nc2 f5 26. f3 fxg4 27. fxg4 Rf2 28. Rf1 Rxf1 29. Bxf1 Bg5 30. Kg3 Qf8
0-1

[Event "KIA on May Day 2013"]
[Site "SchemingMind.com"]
[Date "2013.10.13"]
[Round "-"]
[White "Clive Everill"]
[Black "Iucounu"]
[Result "1-0"]
[WhiteCountry "CZE"]
[BlackCountry "ENG"]
[WhiteElo "1735"]
[WhiteRD "53"]
[BlackElo "1464"]
[BlackRD "57"]
[GameID "339786"]

1. Nf3 d5 2. g3 Nf6 3. Bg2 c6 4. O-O Bg4 5. c4 e6 6. d3 Nbd7 7. cxd5 cxd5 8. h3 Bh5 9. Nc3 Be7 10. e4 dxe4
11. dxe4 O-O 12. Bg5 h6 13. Be3 Bg6 14. Nd2 Ne8 15. Qb3 b6 16. e5 Rb8 17. f4 Qc7 18. Rac1 Qd8 19. Nb5 a6 20. Nd4 b5
21. Nc6
1-0

[Event "KIA on May Day 2013"]
[Site "SchemingMind.com"]
[Date "2013.11.11"]
[Round "-"]
[White "Olli Ylönen"]
[Black "Andoni Zabala"]
[Result "0-1"]
[WhiteCountry "FIN"]
[BlackCountry "INT"]
[WhiteElo "1832"]
[WhiteRD "67"]
[BlackElo "1757"]
[BlackRD "97"]
[GameID "341498"]

1. Nf3 d5 2. g3 Nf6 3. Bg2 Bf5 4. O-O e6 5. c4 c6 6. cxd5 exd5 7. d3 Be7 8. Nc3 O-O 9. Nd4 Bg6 10. e4 dxe4
11. dxe4 Nbd7 12. Qc2 Re8 13. Be3 a6 14. Nf5 Bf8 15. f4 Nc5 16. Bf2 Qd3 17. Qxd3 Nxd3 18. b3 Nxf2 19. Rxf2 Bc5 20. Nh4 Bxf2+
21. Kxf2 h6 22. Nxg6 fxg6 23. h3 Rad8 24. Ke3 g5 25. fxg5 hxg5 26. Bf3 b5 27. Rd1 Rxd1 28. Nxd1 c5 29. Nf2 Nd5+ 30. Kd2 Nb6
31. Kc2 c4 32. bxc4 Nxc4 33. Kc3 Ne5 34. Bg2 a5 35. a3 Rd8 36. h4 gxh4 37. gxh4 Kf7 38. Bf1 Rc8+ 39. Kb3 Rc5 40. Nd3 Nxd3
41. Bxd3 Rh5
0-1

[Event "KIA on May Day 2013"]
[Site "SchemingMind.com"]
[Date "2013.11.12"]
[Round "-"]
[White "Andoni Zabala"]
[Black "Olli Ylönen"]
[Result "1-0"]
[WhiteCountry "INT"]
[BlackCountry "FIN"]
[WhiteElo "1776"]
[WhiteRD "106"]
[BlackElo "1799"]
[BlackRD "63"]
[GameID "341503"]

1. Nf3 d5 2. g3 Nf6 3. Bg2 c6 4. d3 Bg4 5. O-O Nbd7 6. Nbd2 e5 7. Re1 Qc7 8. e4 Be7 9. h3 Bh5 10. g4 Bg6
11. Nh4 dxe4 12. Nxg6 hxg6 13. Nxe4 O-O-O 14. Ng5 Rdf8 15. Be3 Nd5 16. Qd2 Nxe3 17. Qxe3 Bxg5 18. Qxg5 Rh6 19. Rad1 Rfh8 20. d4 exd4
21. Rxd4 Nf8 22. Re8+
1-0

[Event "KIA on May Day 2013"]
[Site "SchemingMind.com"]
[Date "2014.01.06"]
[Round "-"]
[White "reo"]
[Black "Clive Everill"]
[Result "1-0"]
[WhiteCountry "THA"]
[BlackCountry "CZE"]
[WhiteElo "1942"]
[WhiteRD "90"]
[BlackElo "1702"]
[BlackRD "52"]
[GameID "344985"]

1. Nf3 d5 2. g3 c5 3. Bg2 e6 4. O-O Nf6 5. c4 Bd6 6. cxd5 Nxd5 7. Nc3 Nb6 8. b3 O-O 9. d3 Nc6 10. Ne4 Be7
11. Bb2 Nd4 12. Nfd2 f5 13. e3 fxe4 14. exd4 exd3 15. dxc5 Bxc5 16. Be4 Nd5 17. Qh5 Nf6 18. Qxc5 Nxe4 19. Nxe4 Bd7 20. Qc3 Qe7
21. Qxd3 a6 22. Rfe1 Rad8 23. Qe3 Bc6 24. h4 h6 25. Qc3 Qf7 26. Ba3 Bxe4 27. Bxf8 Rxf8 28. Qe3 Qf5 29. Qxe4 Qxf2+ 30. Kh1 Qxg3
31. Re3 Qf2 32. Qxe6+ Kh8 33. Qh3 Rf4 34. Rg3 Re4 35. Qc8+ Kh7 36. Rxg7+ Kxg7 37. Rg1+ Qxg1+ 38. Kxg1 Rxh4 39. Qxb7+ Kg6 40. Qxa6+ Kg5
41. Qb5+ Kg6 42. a4 h5 43. a5 Rg4+ 44. Kf2
1-0

[Event "KIA on May Day 2013"]
[Site "SchemingMind.com"]
[Date "2014.01.06"]
[Round "-"]
[White "Clive Everill"]
[Black "reo"]
[Result "0-1"]
[WhiteCountry "CZE"]
[BlackCountry "THA"]
[WhiteElo "1702"]
[WhiteRD "52"]
[BlackElo "1942"]
[BlackRD "90"]
[GameID "344987"]

1. Nf3 d5 2. g3 Nf6 3. d3 c5 4. Bg5 Bf5 5. Bg2 h6 6. Bxf6 exf6 7. Nbd2 Nc6 8. O-O Bd6 9. Nh4 Be6 10. e4 d4
11. f4 g5 12. f5 Bd7 13. Nhf3 h5 14. Nc4 Bc7 15. Re1 Ne5 16. Ncd2 Qe7 17. b4 h4 18. Nxe5 Bxe5 19. g4 h3 20. Bf3 cxb4
21. Nc4 Bf4 22. Qe2 Bb5 23. e5 fxe5 24. Nxe5 Be3+ 25. Kh1 Qxe5 26. Bxb7 Rb8 27. Be4 Rc8 28. a4 Bc6 29. Bxc6+ Rxc6 30. Rf1 Rxc2
31. Qxc2 Qd5+
0-1

[Event "KIA on May Day 2013"]
[Site "SchemingMind.com"]
[Date "2014.03.05"]
[Round "-"]
[White "Andoni Zabala"]
[Black "Aba"]
[Result "1-0"]
[WhiteCountry "INT"]
[BlackCountry "ISR"]
[WhiteElo "1860"]
[WhiteRD "89"]
[BlackElo "1822"]
[BlackRD "76"]
[GameID "348961"]

1. Nf3 d5 2. g3 c6 3. Bg2 f6 4. d4 Bf5 5. O-O e6 6. Nbd2 Bb4 7. c3 Bd6 8. Re1 Ne7 9. c4 Bb4 10. a3 Ba5
11. b4 Bc7 12. Nh4 Nd7 13. e4 Bxe4 14. Nxe4 dxe4 15. Rxe4 e5 16. Bb2 g5 17. Qh5+ Kf8 18. Bc1 f5 19. Bxg5 fxe4 20. Bh6+ Kg8
21. Qg4+ Kf7 22. Qg7+ Ke6 23. Bh3+ Kd6 24. dxe5+
1-0

[Event "KIA on May Day 2013"]
[Site "SchemingMind.com"]
[Date "2014.03.05"]
[Round "-"]
[White "Aba"]
[Black "Andoni Zabala"]
[Result "0-1"]
[WhiteCountry "ISR"]
[BlackCountry "INT"]
[WhiteElo "1787"]
[WhiteRD "70"]
[BlackElo "1893"]
[BlackRD "90"]
[GameID "348962"]

1. Nf3 d5 2. g3 Nf6 3. d4 Bf5 4. Nc3 e6 5. Bf4 c6 6. h3 Bb4 7. a3 Ba5 8. b4 Bc7 9. Ne5 h6 10. g4 Bh7
11. e3 Nbd7 12. Be2 Nxe5 13. dxe5 Nd7 14. Qd4 b6 15. Bd3 Bxd3 16. cxd3 O-O 17. e4 c5 18. bxc5 bxc5 19. Qa4 Nxe5 20. Bxe5 Bxe5
21. Rc1 Qf6 22. Nb5 Qf3 23. Rf1 Qxd3 24. h4 c4 25. Qc2 a6 26. Nc3 Bxc3+ 27. Qxc3 Qxe4+ 28. Kd2 Rfb8 29. Rg1 Rb3
0-1